100 វិទ្យាសាស្រ្តអភិវត្តន៍ពិភពលោក / (Record no. 1728)
[ view plain ]
| 000 -LEADER | |
|---|---|
| fixed length control field | 04001nam a22003137a 4500 |
| 001 - CONTROL NUMBER | |
| control field | 1728 |
| 003 - CONTROL NUMBER IDENTIFIER | |
| control field | FISKH |
| 005 - DATE AND TIME OF LATEST TRANSACTION | |
| control field | 20231003161021.0 |
| 008 - FIXED-LENGTH DATA ELEMENTS--GENERAL INFORMATION | |
| fixed length control field | 230921b cb ||||| |||| 00| 0 khr d |
| 020 ## - INTERNATIONAL STANDARD BOOK NUMBER | |
| International Standard Book Number | 9789996305825 |
| 040 ## - CATALOGING SOURCE | |
| Original cataloging agency | FISKH |
| Language of cataloging | eng |
| Transcribing agency | FISKH |
| Modifying agency | FISKH |
| 082 ## - DEWEY DECIMAL CLASSIFICATION NUMBER | |
| Classification number | 509.031 |
| 100 ## - MAIN ENTRY--PERSONAL NAME | |
| Personal name | Tae-kwan, Kim |
| 245 ## - TITLE STATEMENT | |
| Title | 100 វិទ្យាសាស្រ្តអភិវត្តន៍ពិភពលោក / |
| Remainder of title | ពីទ្រឹស្ដីព្រះអាទិត្យជាចំណុចកណ្ដាល រហូតដល់ផ្កាយដុះកន្ទុយហាឡី : |
| Statement of responsibility, etc. | និពន្ធដោយ គីម ថែខ្វាន់ និង អ៊ីម ហ្យងវុក - គូររូបដោយ មុន ផ្សងយុន - បកប្រែពីភាសាថៃដោយ វ៉ា សុវណ្ណរដ្ |
| 260 ## - PUBLICATION, DISTRIBUTION, ETC. | |
| Place of publication, distribution, etc. | Phnom Penh : |
| Name of publisher, distributor, etc. | Sipar, |
| Date of publication, distribution, etc. | 2022. |
| 300 ## - PHYSICAL DESCRIPTION | |
| Extent | 99 pages : |
| Other physical details | color illustrations ; |
| Dimensions | 23 cm |
| 490 ## - SERIES STATEMENT | |
| Series statement | ខ្ញុំចង់ដឹង |
| Volume/sequential designation | 2 |
| 505 ## - FORMATTED CONTENTS NOTE | |
| Formatted contents note | Z'<br/> |
| 520 ## - SUMMARY, ETC. | |
| Summary, etc. | សៀវភៅរូបភាពថ្លុកកំប្លែងនេះនឹងណែនាំអ្នកអំពីប្រវត្តិសាស្រ្តវិទ្យាសាស្ត្រនៅក្នុងកាលប្បវត្តិរបស់វាដោយការសន្ទនាដ៏ទាក់ទាញរវាង Albert Einstein ដែលជាគ្រូពេទ្យដ៏ល្បីល្បាញនៃសតវត្សទី 20 និងអ្នកសិក្សាវ័យក្មេងពីរនាក់គឺ Ouchou និង Phora ។ ការបង្កើតឧបករណ៍ ទ្រឹស្តីបទវិទ្យាសាស្ត្រ ការពិសោធន៍ជាដើម នឹងត្រូវបានសម្រួលដោយរូបភាពចម្រុះពណ៌ និងទាក់ទាញ ដែលអាចសិក្សាបន្ថែមអំពីវិទ្យាសាស្ត្រ។ នៅក្នុងផ្នែកទី 2 មានឈុតឆាកចំនួន 17 ផ្សេងទៀតរួមមាន: គំនិតដើម្បីផ្លាស់ប្តូរពិភពលោក ការផ្លាស់ប្តូរនៃការប្រើប្រាស់ប្រតិទិន ការវាស់សីតុណ្ហភាពដោយទែម៉ូម៉ែត្រ និងការរកឃើញផ្សេងទៀតនៅចន្លោះសតវត្សទី 16 និង 18 ។ អ្នកអាននឹងបង្កើនចំណេះដឹងបន្ថែមទៀតអំពីការផ្លាស់ប្តូរគំនិត និងទ្រឹស្តីបទវិទ្យាសាស្ត្រក្នុងអំឡុងពេលនោះ។ |
| 520 ## - SUMMARY, ETC. | |
| Summary, etc. | This comics book will guide you through the history of science in its chronology by the attractive dialogue between Albert Einstein, well-known physician of the 20th century, and two young learners, Ouchou and Phora. The creation of tools, scientific theorems, experiments, etc, will be simplified by colorful and attractive pictures. In part 2, there are other 17 scenes including: concepts to change the world, Changes of Calendar usage, temperature measurement by thermometer and other discoveries between the 16th and the 18th century. Readers will enhance more knowledge about concept changes and scientific theorems during that time. |
| 521 8# - TARGET AUDIENCE NOTE | |
| Target audience note | 1060<br/> |
| Source | Lexile estimate<br/> |
| 521 8# - TARGET AUDIENCE NOTE | |
| Target audience note | Z'<br/> |
| Source | Raz-Plus<br/> |
| 650 ## - SUBJECT ADDED ENTRY--TOPICAL TERM | |
| Topical term or geographic name entry element | ស្រាវជ្រាវ |
| Form subdivision | ផ្លាស់ប្ដូរ |
| General subdivision | ការវាស់វេង |
| Chronological subdivision | បង្កើន |
| 650 ## - SUBJECT ADDED ENTRY--TOPICAL TERM | |
| Topical term or geographic name entry element | Discover |
| Form subdivision | Change |
| General subdivision | Measurement |
| Chronological subdivision | Enhance |
| 700 ## - ADDED ENTRY--PERSONAL NAME | |
| Personal name | Hyeong-wook, Im |
| Relator term | Author |
| 700 ## - ADDED ENTRY--PERSONAL NAME | |
| Personal name | Sung-hun, Jung |
| Relator term | illustrator |
| 700 ## - ADDED ENTRY--PERSONAL NAME | |
| Personal name | Sovannrath, Va |
| Relator term | Translator |
| 942 ## - ADDED ENTRY ELEMENTS (KOHA) | |
| Source of classification or shelving scheme | Dewey Decimal Classification |
| Koha item type | Khmer Books |
| Suppress in OPAC | No |
| Withdrawn status | Lost status | Source of classification or shelving scheme | Damaged status | Not for loan | Collection | Home library | Current library | Shelving location | Date acquired | Total Checkouts | Full call number | Barcode | Date last seen | Copy number | Price effective from | Koha item type | Date last checked out |
|---|---|---|---|---|---|---|---|---|---|---|---|---|---|---|---|---|---|
| Dewey Decimal Classification | Khmer Non-Fiction / សៀវភៅខ្មែរ រឿងពិត | Footprints International School Library Network Toul Kork Campus | Footprints International School Library Network Toul Kork Campus | 09/21/2023 | TAE 509.031 | 2023-0683 | 09/21/2023 | 1 | 09/21/2023 | Khmer Books | |||||||
| Dewey Decimal Classification | Khmer Non-Fiction / សៀវភៅខ្មែរ រឿងពិត | Footprints International School Library Network Toul Kork Campus | Footprints International School Library Network Toul Kork Campus | 09/21/2023 | TAE 509.031 | 2023-0684 | 09/21/2023 | 2 | 09/21/2023 | Khmer Books | |||||||
| Dewey Decimal Classification | Khmer Non-Fiction / សៀវភៅខ្មែរ រឿងពិត | Footprints International School Library Network Toul Kork Campus | Footprints International School Library Network Toul Kork Campus | 09/21/2023 | TAE 509.031 | FISTK05095 | 09/27/2023 | 3 | 09/21/2023 | Khmer Books | |||||||
| Dewey Decimal Classification | Khmer Non-Fiction / សៀវភៅខ្មែរ រឿងពិត | Footprints International School Library Network Toul Tom Poung Campus | Footprints International School Library Network Toul Tom Poung Campus | TTP Secondary Khmer Bookshelves | 09/21/2023 | 1 | TAE 509.031 | FIS05154 | 02/27/2026 | 5 | 09/21/2023 | Khmer Books | 02/02/2026 | ||||
| Dewey Decimal Classification | Khmer Non-Fiction / សៀវភៅខ្មែរ រឿងពិត | Footprints International School Library Network Toul Tom Poung Campus | Footprints International School Library Network Toul Tom Poung Campus | TTP Secondary Khmer Bookshelves | 09/21/2023 | 2 | TAE 509.031 | FIS05243 | 11/10/2025 | 4 | 09/21/2023 | Khmer Books | 09/30/2025 | ||||
| Dewey Decimal Classification | Khmer Non-Fiction / សៀវភៅខ្មែរ រឿងពិត | Footprints International School Library Network Toul Tom Poung Campus | Footprints International School Library Network Toul Tom Poung Campus | TTP Secondary Khmer Bookshelves | 11/27/2025 | TAE 509.031 | 2025-4932 | 11/27/2025 | 6 | 11/27/2025 | Khmer Books |
